| 000 | 00905nam a2200301 i 4500 | ||
|---|---|---|---|
| 001 | 200449779 | ||
| 003 | TR-AnTOB | ||
| 005 | 20240823074042.0 | ||
| 007 | ta | ||
| 008 | 221024t20202020tu 000 0 tur d | ||
| 020 | _a9786050507065 | ||
| 035 | _a(TR-AnTOB)200449779 | ||
| 040 |
_aTR-AnTOB _beng _erda _cTR-AnTOB |
||
| 041 | 0 | _atur | |
| 050 | 4 |
_aKKX1710 _bS2757 2020 |
|
| 090 |
_aKKX1710 _bS2757 2020 |
||
| 100 | 1 |
_aSarısözen, M. Serhat _eauthor _9127099 |
|
| 245 | 1 | 0 |
_aMedeni Usul Hukuku : _bsınavlara Hazırlık Test Kitabı / _cDoç. Sr. M. Serhat Sarısözen. |
| 264 | 1 |
_aAnkara : _bYetkin Yayınları, _c2020. |
|
| 264 | 4 | _c©2020 | |
| 300 |
_a346 pages ; _c24 cm |
||
| 336 |
_atext _btxt _2rdacontent |
||
| 337 |
_aunmediated _bn _2rdamedia |
||
| 338 |
_avolume _bnc _2rdacarrier |
||
| 650 | 7 |
_aMedeni usul _zTürkiye _2etuturkob _9115852 |
|
| 942 |
_2lcc _cBK |
||
| 999 |
_c200449779 _d67991 |
||